Statistics for US Presidents with a B in their name

Click here to take the quiz!

General Stats

  • This quiz has been taken 36 times
  • The average score is 9 of 11

Answer Stats

POTUS No. Answer % Correct
41George Bush
100%
43George Bush
100%
44Barack Obama
100%
16Abraham Lincoln
93%
42Bill Clinton
93%
15James Buchanan
87%
36Lyndon B. Johnson
87%
31Herbert Hoover
77%
19Rutherford B. Hayes
70%
8Martin Van Buren
67%
23Benjamin Harrison
63%

Score Distribution

Percentile by Number Answered

Percent of People with Each Score

Your Score History

You have not taken this quiz